[Event "Internet Section 06A g/8'+2\""]
[Site "Dos Hermanas"]
[Date "2004.03.06"]
[Round "3"]
[White "Garvin, Ricardo Luis"]
[Black "Phatudi Mphahlele, Motlokoe"]
[Result "1-0"]
[WhiteElo "2052"]
[BlackElo "1712"]
[PlyCount "65"]
[EventDate "2004.03.06"]
[EventType "swiss (blitz)"]
[EventRounds "9"]
[EventCountry "ESP"]
[SourceTitle "CBM 099 Extra"]
[Source "ChessBase"]
[SourceDate "2004.05.04"]
[SourceVersion "1"]
[SourceVersionDate "2004.05.04"]
[SourceQuality "1"]

1. e4 e5 2. Nf3 d6 3. d4 exd4 4. Qxd4 Nc6 5. Bb5 Bd7 6. Bxc6 Bxc6 7. Nc3 Nf6 8. Bg5 Be7 9. 0-0-0 h6 10. Bf4 Nh5 11. Qd2 Nxf4 12. Qxf4 g5 13. Qg3 Qd7 14. h4 g4 15. Nd4 h5 16. Nf5 0-0-0 17. Rhe1 Bf8 18. Nd5 Kb8 19. Nfe3 Bh6 20. Kb1 Rhf8 21. c4 f5 22. Nxf5 Rxf5 23. exf5 Qxf5+ 24. Ka1 Ba4 25. Rd3 Bc2 26. Rc3 Bg7 27. Rce3 c6 28. Re8 Qd7 29. Rxd8+ Qxd8 30. Re8 Qxe8 31. Qxd6+ Ka8 32. Nc7+ Kb8 33. Nxe8+ 1-0

[Event "Internet Section 06A g/8'+2\""]
[Site "Dos Hermanas"]
[Date "2004.03.06"]
[Round "4"]
[White "McDonald, Kenneth"]
[Black "Phatudi Mphahlele, Motlokoe"]
[Result "0-1"]
[WhiteElo "2197"]
[BlackElo "1742"]
[PlyCount "116"]
[EventDate "2004.03.06"]
[EventType "swiss (blitz)"]
[EventRounds "9"]
[EventCountry "ESP"]
[SourceTitle "CBM 099 Extra"]
[Source "ChessBase"]
[SourceDate "2004.05.04"]
[SourceVersion "1"]
[SourceVersionDate "2004.05.04"]
[SourceQuality "1"]

1. e4 e5 2. c4 Bc5 3. Nf3 d6 4. h3 Nf6 5. Nc3 a6 6. d3 Nc6 7. Bg5 0-0 8. Qd2 Be6 9. Be2 h6 10. Bh4 Ne7 11. g4 Ng6 12. Bg3 c6 13. 0-0-0 b6 14. d4 Bb4 15. dxe5 dxe5 16. Qxd8 Rfxd8 17. Nxe5 Bxc3 18. Rxd8+ Rxd8 19. bxc3 Nxe5 20. Bxe5 Nxe4 21. f3 Nd2 22. Rd1 f6 23. Bxf6 gxf6 24. Rxd2 Rxd2 25. Kxd2 Kf7 26. a3 c5 27. Ke3 Ke7 28. f4 Kd6 29. Kd3 Bd7 30. Bf3 b5 31. cxb5 axb5 32. Bb7 f5 33. g5 hxg5 34. fxg5 Ke5 35. Ke3 f4+ 36. Kf3 Bxh3 37. Bc6 Bf1 38. g6 Bc4 39. g7 Kf5 40. Kf2 Kf6 41. Kf3 Kxg7 42. Kxf4 Kf6 43. Bd7 Ke7 44. Bf5 Kd6 45. Ke4 Bd5+ 46. Ke3 Kc6 47. Kf4 c4 48. Be4 Kc5 49. Bxd5 Kxd5 50. Kf5 Kd6 51. Ke4 Ke6 52. Kf4 Kd5 53. Kf5 Kc5 54. Ke5 Kb6 55. Kd6 Ka5 56. Kc5 Ka4 57. Kb6 Kxa3 58. Kxb5 Kb3 0-1